Catalog

Record Details

Catalog Search



Available copies

  • 1 of 1 copy available at LARL/NWRL Consortium.

Current holds

0 current holds with 1 total copy.

Show All Copies
Location Call Number / Copy Notes Barcode Shelving Location Status Due Date
Greenbush Public Library BRA (Text) 35500002549465 Main Available -

Record details

  • ISBN: 0375500030 (acid-free paper)
  • Physical Description: 541 p. ; 25 cm.
  • Publisher: New York : Random House, 1997.

Content descriptions

General Note:
Originally published: Credo. London : Sceptre, 1996.
Subject: Bega, Saint, d. 698? > Fiction.
Monastic and religious life of women > England > History > Middle Ages, 600-1500 > Fiction.
Great Britain > History > Anglo-Saxon period, 449-1066 > Fiction.
England > Church history > 449-1066 > Fiction.
Christian women saints > England > Fiction.
LDR 01178cam a2200325Ia 4500
00120980
003LARL_NWRL_CONSORTIUM
00519971003153956.0
008970422r19971996nyu 000 1 eng
010 . ‡a97020022 //r97
020 . ‡a0375500030 (acid-free paper)
035 . ‡a(OCoLC)36824902
040 . ‡aDLC ‡cDLC
043 . ‡ae-uk-en
08200. ‡a823/.914 ‡221
099 . ‡aBra
1001 . ‡aBragg, Melvyn, ‡d1939- ‡0(LARL_NWRL_CONSORTIUM)50513
24010. ‡aCredo
24514. ‡aThe sword and the miracle / ‡cMelvyn Bragg.
260 . ‡aNew York : ‡bRandom House, ‡c1997.
300 . ‡a541 p. ; ‡c25 cm.
500 . ‡aOriginally published: Credo. London : Sceptre, 1996.
60000. ‡aBega, ‡cSaint, ‡dd. 698? ‡vFiction.
650 0. ‡aMonastic and religious life of women ‡zEngland ‡xHistory ‡yMiddle Ages, 600-1500 ‡vFiction.
651 0. ‡aGreat Britain ‡xHistory ‡yAnglo-Saxon period, 449-1066 ‡vFiction. ‡0(LARL_NWRL_CONSORTIUM)163143
651 0. ‡aEngland ‡xChurch history ‡y449-1066 ‡vFiction.
650 0. ‡aChristian women saints ‡zEngland ‡vFiction.
901 . ‡a20980 ‡bOCLC ‡c20980 ‡tbiblio

Additional Resources